| 000 | 00875nam a22002535a 4500 | ||
|---|---|---|---|
| 003 | OSt | ||
| 005 | 20180102101727.0 | ||
| 008 | 180102s2016 ua gr 000 0 ara d | ||
| 017 | _a2016 / 267340 | ||
| 020 | _a9789772369188 | ||
| 040 |
_aEG-ScBUE _bara _cEG-ScBUE |
||
| 082 | 0 | 4 |
_a302.230962 _bش و م _222 |
| 100 | 1 | _aشومان، محمد. | |
| 245 | 1 | 2 |
_aالإعلام : _bالهيمنة الناعمة وبدائل المواجهة / _cمحمد شومان. |
| 260 |
_aالقاهرة : _bدار الجمهورية للصحافة، _c2016. |
||
| 300 |
_a207 ص. ؛ _c20 سم. |
||
| 490 | 0 | _aكتاب الجمهورية | |
| 541 |
_aدكتور محمد شومان ؛ _cإهداء ؛ |
||
| 650 | 7 |
_aالإعلام _zمصر. _2BUEsh |
|
| 650 | 7 |
_aالصحافة _zمصر. _2BUEsh _915109 |
|
| 651 | _2BUEsh | ||
| 653 |
_bCOMAME _bBUSBOL _cJanuary2018 |
||
| 942 | _2ddc | ||
| 999 |
_c25833 _d25805 |
||